Statystyki dla Państwa z powierzchnią powyżej 1 mln km²

Kliknij tutaj aby rozwiązać quiz!

Ogólne statystyki

  • Ten quiz został rozwiązany 72 razy
  • Średni wynik to 25 z 29

Statystyki odpowiedzi

#Powierzchnia w km²Państwo% Poprawnych
67,68 mlnAustralia
100%
58,45 mlnBrazylia
100%
49,59 mlnChiny
100%
29,98 mlnKanada
100%
117,07 mlnRosja
100%
39,83 mlnStany Zjednoczone
100%
102,38 mlnAlgieria
95%
82,78 mlnArgentyna
95%
92,72 mlnKazachstan
95%
122,14 mlnArabia Saudyjska
93%
131,96 mlnMeksyk
93%
241,21 mlnRepublika Południowej Afryki
93%
112,34 mlnDemokratyczna Republika Konga
92%
73,28 mlnIndie
92%
171,64 mlnIran
92%
181,56 mlnMongolia
90%
141,90 mlnIndonezja
89%
291,00 mlnEgipt
85%
251,13 mlnKolumbia
82%
161,75 mlnLibia
82%
211,26 mlnNiger
82%
151,86 mlnSudan
82%
261,10 mlnEtiopia
79%
201,28 mlnCzad
77%
191,28 mlnPeru
77%
271,09 mlnBoliwia
67%
231,24 mlnMali
66%
221,24 mlnAngola
64%
281,03 mlnMauretania
64%

Rozkład punktacji

Percentyl według liczby udzielonych odpowiedzi

Procent ludzi z każdym wynikiem

Twoja historia wyników

Nie rozwiązałeś tego quizu